Low ambitions (Record no. 77096)

MARC details
000 -LEADER
fixed length control field 00907cab a2200193 4500
001 - CONTROL NUMBER
control field ##L133590
008 - FIXED-LENGTH DATA ELEMENTS--GENERAL INFORMATION
fixed length control field 060522n2006 000 0 eng u
035 ## - SYSTEM CONTROL NUMBER
System control number (Sirsi) u133590
041 0# - LANGUAGE CODE
Language code of text/sound track or separate title eng
100 1# - MAIN ENTRY--PERSONAL NAME
Personal name Mann, Will
245 00 - TITLE STATEMENT
Title Low ambitions
260 ## - PUBLICATION, DISTRIBUTION, ETC.
Date of publication, distribution, etc. 2006
490 #0 - SERIES STATEMENT
Series statement Contract Journal
Volume/sequential designation 433(6575) 17 May 2006, 52(1)
520 ## - SUMMARY, ETC.
Summary, etc. Reports on the launch of Height Aware, a new HSE campaign to increase awareness of the dangers of falls from low heights, ie below head height. Such falls are particularly common in building maintenance, M and E, and fit out. The campaign will consist of a number of events, including safety awareness days and demonstrations of the safe use of equipment, combined with a crackdown on unsafe or illegal practices related to working at height on site.
590 ## - LOCAL NOTE (RLIN)
Local note IKA230506
651 #4 - SUBJECT ADDED ENTRY--GEOGRAPHIC NAME
Geographic name United Kingdom
Chronological subdivision
690 ## - LOCAL SUBJECT ADDED ENTRY--TOPICAL TERM (OCLC, RLIN)
Topical term or geographic name as entry element Health and safety
9 (RLIN) 6244
942 ## - ADDED ENTRY ELEMENTS (KOHA)
Suppress in OPAC 0
Holdings
Withdrawn status Lost status Source of classification or shelving scheme Damaged status Not for loan Home library Current library Shelving location Date acquired Total Checkouts Full call number Barcode Date last seen Copy number Price effective from Koha item type
    Dewey Decimal Classification     London London Journal article 22/05/2006   L133590 133590-1001 06/08/2019 1 06/08/2019 Journal article